|
ห้องสมุด วิทยาลัยพยาบาลบรมราชชนนี อุดรธานี
Boromarajonani College of Nursing, Udonthani
|


|
mysqli: Table './ulib2015/stat_globaluid' is marked as crashed and last (automatic?) repair failed
select id from stat_globaluid where statuid='20260418020225_2176'
mysqli: Table './ulib2015/stat_globaluid' is marked as crashed and last (automatic?) repair failed
DELETE FROM stat_globaluid
WHERE id NOT IN (
SELECT id
FROM (
SELECT id
FROM stat_globaluid
ORDER BY id DESC
LIMIT 100
) foo
);
mysqli: Table './ulib2015/stat_globaluid' is marked as crashed and last (automatic?) repair failed
insert into stat_globaluid set
statuid='20260418020225_2176',
dt='1776452545',
phpself='/ULIB/dublinfull.php',
agent='Mozilla/5.0 AppleWebKit/537.36 (KHTML, like Gecko; compatible; ClaudeBot/1.0; +claudebot@anthropic.com)',
yea='2026',
mon='4',
dat='18',
ip='216.73.216.55'
| LEADER 00566nam 2200193 a 4500 |
| 001 9743 |
| 003 ULIBM |
| 008 070411s2537 th m a000 0 tha d |
| 050 4 ^a QA 75 ^bอ654ก 2537.
|
| 245 00 ^a การเขียนโปรแกรมบนวินโดวส์ด้วยเทอร์โปปาสคาล/^cบุญเลิศ เอี่ยมทัศนา.
|
| 250 ^a พิมพ์ครั้งที่ 1.
|
| 260 ^a กรุงเทพฯ:^b ซีเอ็ดยูเคชั่น,^c2537.
|
| 300 ^a 386 หน้า
|
| 650 7 ^a การเขียนโปรแกรม.
|
| 710 2 ^a บุญเลิศ เอี่ยมทัศนา.
|
| 945 ^p0^l0^i8972
|
| 945 ^p0^l0^i8973 |
| 999 ^aลิขิตลักษณ์
|
| คุณยังไม่ได้ล็อกอิน คุณสามารถมีกิจกรรมร่วมกับเว็บไซต์ได้ แต่ต้องล็อกอินก่อน :: |
|
| ลำดับที่ |
ประเภท |
เลขเรียก/บาร์โค้ด |
สถานที่ |
สถานะ |
| 1. |
 หนังสือการพยาบาล | QA 75 อ654ก 2537. Barcode: 8972 | หนังสือทั่วไป | On Shelf |
| 2. |
 หนังสือการพยาบาล | QA 75 อ654ก 2537. ฉ.2 Barcode: 8973 | หนังสือทั่วไป | On Shelf |
| [แสดง 2/2 รายการ] |
mysqli: Can't create/write to file '/var/tmp/#sql_59d_0.MAI' (Errcode: 2)
select * from index_db where titl like '%การเขียนโปรแกรมบนวินโดวส์ด้วยเทอร์โปปาสคาล/ บุญเลิศ เอี่ยมทัศนา.%' and mid<>'9743' order by rand() limit 3
mysqli: Can't create/write to file '/var/tmp/#sql_59d_0.MAI' (Errcode: 2)
select * from index_db where subj like '%การเขียนโปรแกรม.%' and mid<>'9743' order by rand() limit 3
|
ยังไม่เคยถูกคอมเมนท์
|
| คอมเมนท์ทรัพยากรรายการนี้ |
|